Tonight on the Titanic / (Record no. 199)

MARC details
000 -LEADER
fixed length control field 01677nam a22004217a 4500
001 - CONTROL NUMBER
control field 199
003 - CONTROL NUMBER IDENTIFIER
control field FISKH
005 - DATE AND TIME OF LATEST TRANSACTION
control field 20231124155322.0
008 - FIXED-LENGTH DATA ELEMENTS--GENERAL INFORMATION
fixed length control field 230303b cb ||||| |||| 00| 0 eng d
020 ## - INTERNATIONAL STANDARD BOOK NUMBER
International Standard Book Number 9780439086721
035 ## - SYSTEM CONTROL NUMBER
System control number (DLC) 98031007
040 ## - CATALOGING SOURCE
Original cataloging agency DLC
Transcribing agency DLC
Modifying agency DLC
-- FISKH
Language of cataloging eng
042 ## - AUTHENTICATION CODE
Authentication code lcac
050 00 - LIBRARY OF CONGRESS CALL NUMBER
Classification number PZ7.O81167
Item number To 1999
082 00 - DEWEY DECIMAL CLASSIFICATION NUMBER
Classification number 813.54
Edition number 21
100 1# - MAIN ENTRY--PERSONAL NAME
Personal name Osborne, Mary Pope
245 10 - TITLE STATEMENT
Title Tonight on the Titanic /
Statement of responsibility, etc. by Mary Pope Osborne ; illustrated by Sal Murdocca.
260 ## - PUBLICATION, DISTRIBUTION, ETC.
Place of publication, distribution, etc. New York :
Name of publisher, distributor, etc. Random House,Scholastic
Date of publication, distribution, etc. 1999
300 ## - PHYSICAL DESCRIPTION
Extent 70 pagers :
Other physical details illustrations ;
Dimensions 19 cm.
490 1# - SERIES STATEMENT
Series statement Magic tree house ;
Volume/sequential designation #17
500 ## - GENERAL NOTE
General note Like other books printed in this series, the Lexile number is incorrectly displayed on the back cover as 340 instead of 550.
505 ## - FORMATTED CONTENTS NOTE
Formatted contents note K
520 ## - SUMMARY, ETC.
Summary, etc. The magic tree house transports Jack and Annie to the deck of the Titanic to find the mysterious gift that will free a small dog from a magic spell.
521 0# - TARGET AUDIENCE NOTE
Target audience note 550 <br/>
Source Lexile
521 0# - TARGET AUDIENCE NOTE
Target audience note K<br/>
Source Raz-Plus
610 20 - SUBJECT ADDED ENTRY--CORPORATE NAME
Corporate name or jurisdiction name as entry element Titanic (Steamship)
General subdivision Juvenile fiction.
610 21 - SUBJECT ADDED ENTRY--CORPORATE NAME
Corporate name or jurisdiction name as entry element Titanic (Steamship)
General subdivision Fiction.
650 #1 - SUBJECT ADDED ENTRY--TOPICAL TERM
Topical term or geographic name entry element Shipwrecks
General subdivision Fiction.
650 #1 - SUBJECT ADDED ENTRY--TOPICAL TERM
Topical term or geographic name entry element Survival
General subdivision Fiction.
650 #1 - SUBJECT ADDED ENTRY--TOPICAL TERM
Topical term or geographic name entry element Time travel
General subdivision Fiction.
650 #1 - SUBJECT ADDED ENTRY--TOPICAL TERM
Topical term or geographic name entry element Magic
General subdivision Fiction.
700 1# - ADDED ENTRY--PERSONAL NAME
Personal name Murdocca, Sal
Relator term illustrator
800 1# - SERIES ADDED ENTRY--PERSONAL NAME
Personal name Osborne, Mary Pope
Title of a work Magic tree house series ;
Volume/sequential designation #17.
856 42 - ELECTRONIC LOCATION AND ACCESS
Materials specified Publisher description
Uniform Resource Identifier <a href="http://www.loc.gov/catdir/description/random048/98031007.html">http://www.loc.gov/catdir/description/random048/98031007.html</a>
856 42 - ELECTRONIC LOCATION AND ACCESS
Materials specified Contributor biographical information
Uniform Resource Identifier <a href="http://www.loc.gov/catdir/enhancements/fy1111/98031007-b.html">http://www.loc.gov/catdir/enhancements/fy1111/98031007-b.html</a>
906 ## - LOCAL DATA ELEMENT F, LDF (RLIN)
a 7
b cbc
c orignew
d 1
e ocip
f 19
g y-gencatlg
942 ## - ADDED ENTRY ELEMENTS (KOHA)
Source of classification or shelving scheme Dewey Decimal Classification
Koha item type Books
Suppress in OPAC No
Holdings
Withdrawn status Lost status Source of classification or shelving scheme Damaged status Not for loan Collection Home library Current library Shelving location Date acquired Total Checkouts Full call number Barcode Date last seen Date last checked out Copy number Price effective from Koha item type Date due
    Dewey Decimal Classification     Juvenile Fiction Footprints International School Library Network Toul Kork Campus Footprints International School Library Network Toul Kork Campus TK Primary Library Room(4th Floor), Bookcase 3&4, Shelves 17-32, Yellow Books 03/03/2023 2 OSB 813.54 PZ7.O81167 FISTK00477 10/03/2025 09/12/2025 1 03/03/2023 Books  
    Dewey Decimal Classification     Juvenile Fiction Footprints International School Library Network Toul Kork Campus Footprints International School Library Network Toul Kork Campus   03/03/2023 1 OSB 813.54 PZ7.O81167 FISBK00063 05/12/2025 04/28/2025 2 03/03/2023 Books  
    Dewey Decimal Classification     Juvenile Fiction Footprints International School Library Network Toul Kork Campus Footprints International School Library Network Toul Kork Campus   03/03/2023 3 OSB 813.54 PZ7.O81167 FISBK00064 05/05/2025 04/28/2025 3 03/03/2023 Books  
    Dewey Decimal Classification     Juvenile Fiction Footprints International School Library Network Toul Kork Campus Footprints International School Library Network Toul Kork Campus   03/03/2023 5 OSB 813.54 PZ7.O81167 FISBK00066 05/29/2025 05/19/2025 5 03/03/2023 Books  
    Dewey Decimal Classification     Juvenile Fiction Footprints International School Library Network Toul Kork Campus Footprints International School Library Network Toul Tom Poung Campus   03/03/2023 1 OSB 813.54 PZ7.O81167 FISBK00065 03/27/2026 03/27/2026 4 03/03/2023 Books 04/10/2026